From the ground up : (Record no. 14993)
[ view plain ]
| 000 -LEADER | |
|---|---|
| fixed length control field | 00812cam a2200265 a 4500 |
| 001 - CONTROL NUMBER | |
| control field | BD-DhSAU #14689 |
| 003 - CONTROL NUMBER IDENTIFIER | |
| control field | BD-DhSAU |
| 005 - DATE AND TIME OF LATEST TRANSACTION | |
| control field | 20200210171108.0 |
| 008 - FIXED-LENGTH DATA ELEMENTS--GENERAL INFORMATION | |
| fixed length control field | 891020s2019 bg a rb f100 0 eng |
| 020 ## - INTERNATIONAL STANDARD BOOK NUMBER | |
| International Standard Book Number | 9789845062824 |
| 040 ## - CATALOGING SOURCE | |
| Original cataloging agency | BD-DhSAU |
| 082 00 - DEWEY DECIMAL CLASSIFICATION NUMBER | |
| Edition number | 22 |
| Classification number | 630.95492 |
| Item number | C4595 |
| 100 ## - MAIN ENTRY--PERSONAL NAME | |
| Personal name | Chowdhury, Mushtaque |
| 245 10 - TITLE STATEMENT | |
| Title | From the ground up : |
| Remainder of title | BRAC' innovations in the development of agriculture in Bangladesh and beyond/ / |
| Statement of responsibility, etc. | Mushtaque Chowdhury, |
| 260 ## - PUBLICATION, DISTRIBUTION, ETC. (IMPRINT) | |
| Place of publication, distribution, etc. | Dhaka : |
| Name of publisher, distributor, etc. | University Press, |
| Date of publication, distribution, etc. | c2019. |
| 300 ## - PHYSICAL DESCRIPTION | |
| Extent | xxxii, 226 p.; |
| Other physical details | ill. : |
| Dimensions | 22 cm. |
| 504 ## - BIBLIOGRAPHY, ETC. NOTE | |
| Bibliography, etc | Includes index and references. |
| 590 ## - Name of Cataloguer | |
| Name of Cataloger | kamim |
| 650 #0 - SUBJECT ADDED ENTRY--TOPICAL TERM | |
| Topical term or geographic name as entry element | Agriculture-Bangladesh |
| 650 #0 - SUBJECT ADDED ENTRY--TOPICAL TERM | |
| Topical term or geographic name as entry element | Agriculture |
| 700 ## - ADDED ENTRY--PERSONAL NAME | |
| Personal name | Husain, Muazzam |
| 700 ## - ADDED ENTRY--PERSONAL NAME | |
| Personal name | Saleque, Md. A. |
| 700 ## - ADDED ENTRY--PERSONAL NAME | |
| Personal name | Brammer, Hugh |
| 942 ## - ADDED ENTRY ELEMENTS (KOHA) | |
| Source of classification or shelving scheme | Dewey Decimal Classification |
| Koha item type | Book |
| Withdrawn status | Lost status | Source of classification or shelving scheme | Damaged status | Not for loan | Collection code | Home library | Branch Name | Shelving location | Date acquired | Total Checkouts | Full call number | Barcode | Date last seen | Price effective from | Koha item type |
|---|---|---|---|---|---|---|---|---|---|---|---|---|---|---|---|
| Dewey Decimal Classification | Not For Loan | Reference | SAU Library | SAU Library | Reference | 10/02/2020 | 630.95492 C4595 | 41794 | 10/02/2020 | 10/02/2020 | Book |
